| 000 | 01374nam a2200253Ia 4500 | ||
|---|---|---|---|
| 003 | Ost | ||
| 005 | 20260507075332.0 | ||
| 008 | 260507s9999||||xx |||||||||||||| ||und|| | ||
| 020 | _a11933399579 | ||
| 040 | _cfsecg | ||
| 041 | _aara | ||
| 082 | _a0 | ||
| 100 |
_aباشويه، لحسن عبد الله _eمؤلف |
||
| 245 | 0 |
_aالبحث العلمي : _bمفاهيم، أساليب، تطبيقات / _c لحسن عبد الله باشويه |
|
| 260 |
_aعمان: _bالوراق, _c2010 |
||
| 300 |
_a512 صفحة؛ _bإيضاحات ؛ _c25 سم |
||
| 504 | _aملاحق ص.479 | ||
| 520 | _aالمفاهيم الاساسية في البحث العلمي ، البحث العلمي و السياسات التربوية ، أسس البحث العلمي و مناهجه ، تصنيف مناهج البحث العلمي و أساسيات بناء عناصره ، الأدوات الاحصائية لعملية البحث العلمي ، المقاييس الاحصائية و البحث العلمي ، الاختبارات الاحصائية ، الادوات القياسية و التشخيصية في البحث العلمي ، مشاريع التخرج | ||
| 653 | _aالبحث العلمي | ||
| 653 | _aالبحوث | ||
| 653 | _aطرق البحث | ||
| 700 |
_aالبرواري، نزار عبد المجيد _eمؤلف ثانوي |
||
| 942 | _cكتاب | ||
| 999 |
_c44014 _d44014 |
||